000 03556nam a2200337 a 4500
003 AM-YEHGA
005 20260320115520.0
008 260320s1904 ir |||||r|||| 00||j arm d
040 _aAM-YEHGA
041 _aarm
100 1 _aՇրէյներ, Օ.
245 1 0 _aԱնուրջներ :
_bՊատմվածք /
_cՕ. Շրէյներ ; Հրատարակութիւն Ատրպետի ; Թարգ.՝ Ռ. Խ., Տ. Տ.
260 _aԹաւրիզ :
_bՏպարան Ատրպատականի հայերի թէմական արագատիպ,
_c1904.
300 _a(9 գիրք մեկ կազմի մեջ) ; 40 էջ ;
_b18 սմ.
500 _aՇարվածքը 12,5X9 սմ:
500 _aՀրատարակութիւն Ատրպետի No 3:
500 _aՇապիկին՝ Ձօնում եմ հայկական տառերի գտիչի Ս. Մեսրոբի անմահ յիշատակին հրատարակիչ:
500 _aՏիտղոսաթերթին՝ «Նւիրում եմ զրոյցներս պզտիկ աղջկանս, որ Տիրոջ շնորհիւ պիտի զարգանա, մինչեւ որ կատարելապէս ըմբռնէ այն, ինճ որ ներկայիս դեռ շօշափելի չէ մեզ համար եւ ներկայանում է մեզ անուրջների երեւակայութիւնների մէջ / Օ. Շրէյնէր:
500 _aՏիտղոսաթերթի դարձերեսին՝ Արտատպած է «Տարազ» հանդիսի N 37-38, 1897:
500 _aՇապիկի դարձերեսին՝ Ատրպատականի հայերի թեմական տպարանում վաճառվող գրքերի ցանկը:
500 _aՇապիկի վերջերեսին՝ Ատրպետի երկերի ժողովածուի 6 հատորների ցանկը:
500 _aԱլիգ 5
501 _aՄեկ կազմի մեջ՝ Գեղեցիկ ասացուածք / Գէորք ծ. վրդ. Արսլանեան։ Կ. Պոլիս: Տպարան «Կոհակ»ի: 1913։ - Ալիգ 1 ; Ազատութիւն քաղաքական և տնտեսական : Ատենախօսություն / Հմայեակ Արամեանց (Շւոտ Մ.Տ.)։ Կ. Պոլիս: Տպագրութիւն Վ. եւ Հ. Տէր-Ներսէսեան։ 1908։ - Ալիգ 2 ; Գիւղական ուսուցչի ձայնը / Կապանաձէ։ Թիֆլիս: Ելեքտրաշարժ տպարան օր. Ն. Աղանեանի։ 1907։ - Ալիգ 3 ; Կայծկլտուք : (Քերթուածներ) / Յովհաննէս Մ.Խ. Գմբէթեան։ Կ. Պոլիս: Տպագրութիւն Արշակ Կ. Կարօեան։ 1910։ - Ալիգ 4 ; Սուրբ Մեսրոպ / Ատոմ Եարճանեան-Սիամանթօ։ Կ. Պոլիս: տպ. Օ. Արզուման։ 1914։ - Ալիգ 6 ; Երկրագործութեան անտառաց եւ հանքաց : Զարգացումն ու շահագործումն / Ն. Տաղաւարեան։ Կ. Պոլիս: Տպարան Օ. Արզուման։ 1909։ - Ալիգ 7 ; Պատմութիւն Հնչակեան կուսակցութեան ։ Ա․ հատոր / Հմայակ Արամեանց։ Կ. Պոլիս: Տպարան «Կոհակ»ի։ 1912։ - Ալիգ 8 ; Ապստամբ Յիսուսը / Կարլ Կաուցկի։ Կ. Պոլիս: Տպարան «Կոհակ»ի։ 1913։ - Ալիգ 9
650 1 4 _aԳերմանական գեղարվեստական գրականություն
_95667
651 4 _aԹավրիզ
_98577
651 4 _aԻրան
700 1 _aԱտրպետ,
_d1860-1937
_eհրատ.
_4pbl
_9971
700 1 _aՌ. Խ.
_eթարգմ.
_4trl
700 1 _aՏ.Տ.
_eթարգմ.
_4trl
942 _2udc
_cBK
_n0
999 _c541749
_d541749